Responses for Show #463 - Wednesday, September 17, 1986

Roger Storm game 4.

Contestants

[<< previous game]

Linda Leipheimer, a homemaker from Encino, California

Ira Levine, a writer originally from Denver, Colorado

Roger Storm, a teacher from Fairview Park, Ohio (whose 3-day cash winnings total $19,401)

[next game >>]

Jeopardy! Round responses

SCULPTURE
FOREIGN WORDS
HISTORY
WOMEN AUTHORS
REGULAR JOES
WHO CARES?
(Alex: It does contain a great deal of information that very few people will have a positive reaction to!)
    $100 15
colossus

Ira
    $100 10
Superman

Ira
    $100 18
(Roger: What is the United Arab Republics?)

Saudi Arabia

RogerLinda
    $100 23
brunettes

Linda
    $100 6
Stalin

Roger
    $100 1
oyster

Roger
    $200 16
explosives

Triple Stumper
    $200 11
Tuesday

Roger
    $200 19
Switzerland

Roger
    $200 7
The Three Stooges

Roger
    $200 2
(Linda: What is brie?)

roquefort

Linda
Triple Stumper
    $300 17
relief

Linda
    $300 13
peace

Ira
    $300 20
death

Roger
    $500 8
Joe Garagiola

Roger
    $300 3
(Roger: What is 3?)

1

Roger
Triple Stumper
    $400 25
terra cotta

Ira
    $400 14
left

Roger
    $400 21
(Alex: We've got a minute to go in the round.)

England

Ira
    $400 28
[end-of-round signal sounds]

Gypsy Rose Lee

Roger
    $400 9
Joe Frazier

Linda
    $400 4
(Roger: What is red?)

blue

Roger
Triple Stumper
    $500 26
The Getty Museum

Linda
    $500 24
stamp

Ira
    $500 22
Auschwitz

Ira
    $500 27
Little Lord Fauntleroy

Ira
    $500 12
Peter Boyle

Ira
    $500 5
(Alex: Ladies & gentlemen, that does it for this category!)
[applause from audience & contestants]

46

Triple Stumper

Scores at the first commercial break (after clue 8):

Roger Ira Linda
$200 $0 -$200

Scores at the end of the Jeopardy! Round:

Roger Ira Linda
$1,600 $3,300 $1,200

Double Jeopardy! Round responses

SECRETARIES OF STATE
GENETICS
BOYS IN SONG
A.K.A.
(Alex: Also Known As.)
THE EARTH
ADD A LETTER
    $200 26
(Roger: Who is George...[time]?)

George Shultz

RogerIra
    $200 17
mutations

Ira
    $200 1
Leroy Brown

Roger
    $200 7
Calamity Jane

Roger
    $200 2
its saltiness

Ira
    $200 12
axes & taxes

Triple Stumper
    $400 27
(Linda: Who is Alexander Haig?)

Henry Kissinger

IraLinda
    $400 18
hemophilia

Roger
    $400 22
"Peter Gunn"

Ira
    $400 8
Pearl Buck

Roger
    $400 3
islands

Roger
    $400 13
hop & Hope

Roger
    $600 28
[end-of-round signal sounds]

Marshall

Roger
    $600 19
amniocentesis

Ira
    $600 23
"Bobby's Girl"

Roger
    $600 9
Butterfly

Roger
    $600 4
seismograph

Ira
    $600 14
France & franc

Linda
    $1,000 20
(Ira: What is brown & straight?)
(Alex: [rubs his hair] I know from experience!)

brown and curly

Ira
    $800 24
Stagger Lee

Linda
    $800 10
Maria Callas

Linda
    $800 5
(Ira: What is lava?)

igneous rock

Ira
Triple Stumper
    $800 15
hear & heart

Roger
    $1000 21
fruit flies

Roger
    $1000 25
(Alex: We've got about a minute to go in this round.)

Jose

Roger
    $1000 11
The Scarlet Pimpernel

Roger
    $1000 6
the water table

Linda
    $1,000 16
man & many

Roger

Scores at the end of the Double Jeopardy! Round:

Roger Ira Linda
$10,000 $4,100 $4,000
(lock game)

[wagering suggestions for these scores]

Final Jeopardy! Round responses

THE BIBLE
(Alex: The line from the Bible is "And [*] shut him in." God is the correct response.)
LindaWho was Noah?
$3,999
IraWho was Noah's wife?
$500
RogerWho was God?
$1,799
the Lord

Final scores:

Roger Ira Linda
$11,799 $3,600 $1
4-day champion: $31,200 2nd place: Pinseeker golf clubs & Vitamaster Vita cycle 3rd place: Academy Broadway outdoor products

Game dynamics:

Coryat scores:

Roger Ira Linda
$9,800 $5,100 $4,000
23 R
(including 2 DDs),
4 W
16 R,
2 W
(including 1 DD)
9 R,
2 W

Combined Coryat: $18,900

[game clues] [game scores] [suggest correction]

Game tape date: 1986-08-06
The J! Archive is created by fans, for fans. Scraping, republication, monetization, and malicious use prohibited; this site may use cookies and collect identifying information. See terms. The Jeopardy! game show and all elements thereof, including but not limited to copyright and trademark thereto, are the property of Jeopardy Productions, Inc. and are protected under law. This website is not affiliated with, sponsored by, or operated by Jeopardy Productions, Inc. Join the discussion at JBoard.tv.